00861 2200289 4500001002100000005001500021035002500036008004100061020002200102040001700124082001500141084001700156090002100173090002100194100003900215245008700254260003000341300003800371650003100409700002000440850001200460007000300472504003300475999002100508990002100529990002100550INLIS00000000001498920200312111406 a0010-101500000000723151015s2015 yoia g | ind d a978-979-29-5402-9 aYOPDYOGbind04223a005.55 a005.55 Vic B aDEP 005.55 Vic B aCB-D.11 2015-4030 aVictorianus Aries Siswanto,d1972-10aBelajar sendiri SPSS 22 /cVictorianus Aries Siswanto; penyunting, Putri Christian31aYogyakarta :bAndi,c2015 ax, 180 halaman :bgambar ;c23 cm 4aSPSS 22 (Program Komputer)0 aPutri Christian aYOPDYOGta aBibliografi: halaman 171-172 aCB-D.11/2015-403 aCB-D.11/2015-403 aCB-D.11/2015-403